000 01152cam a2200325 i 4500
001 61832
003 Mx-PuUPA
005 20240410104059.0
008 141128s2001 mx fr 001 0 spa|d
020 _a9681104781
040 _aMx-PuUPA
_bspa
_cMx-PuUPA
_dMx-PuUPA
_erda
041 0 _aspa
130 0 _aGoddess of the Americas
245 1 3 _aLa diosa de las Américas :
_bescritos sobre la virgen de Guadalupe /
_cAna Castillo, compiladora ; traducción de Mariela Dreyfus
250 _aPrimera edición /
_bmayo
264 4 _aMéxico, D.F. :
_bPlaza y Janés México,
_c2001
300 _a318 páginas ;
_c21 cm
336 _atexto
_2rdacontent
_btxt
337 _asin medio
_2rdamedia
_bn
338 _avolumen
_2rdacarrier
_bnc
490 0 _aColección JAQ
500 _a"Escritos sobre la Virgen de Guadalupe".-- Cubierta
600 0 4 _aVirgen de Guadalupe
_xHistoria
_zAmérica Latina
700 1 _aCastillo, Ana,
_ecompilador
700 1 _aDreyfus, Mariela,
_etraductor
765 0 8 _aCastillo, Ana,
_tGoddess of the Americas
942 _2ddc
_cLI
_h232.917
_iD588
999 _c61832
_d61832